000 02034nam0a2200349 4500
001 RU\NLR\bibl\747067
005 20250614004947.0
010 _a5-9900359-1-8
_bв обл.
021 _aRU
_b2004-73208
_93607
035 _aRSL-KNO-002503423
035 _a(NLR Aleph) 000736896
090 _a797803
_c797803
100 _a20041130d2004 |||y0rusy50 ca
101 0 _arus
102 _aRU
105 _ay |||||||||
106 _ar
200 1 _aТаможенные режимы и специальные таможенные процедуры
_eкоммент. к Тамож. кодексу Рос. Федерации и Крат. слов. спец. терминологии
_fС.В. Халипов
_gМоск. гос. ун-т им. М.В. Ломоносова, Юрид. фак., Всерос. акад. внеш. торговли
210 _aМ.
_cТаможня. Ру
_d2004
215 _a318 с.
_d20
606 1 _aТаможенные режимы
_jЗаконы, постановления и т.п.
_jКомментарии
_yРоссийская Федерация
_92373811
_3RU\NLR\auth\661416740
606 1 _aТаможенные режимы
_jЗаконодательные материалы
_jКомментарии
_yРоссийская Федерация
_92373811
_3RU\NLR\auth\661416740
610 0 _aГосударство и право. Юридические науки -- Административное право -- Российская Федерация -- Управление в области внешней торговли -- Организация таможенного дела -- Комментарий к кодексу
686 _aХ621.165.203.1-324.23
_2rubbk
686 _aХ621.165.203.1-39(2Р)
700 1 _4070
_7ca
_8rus
_aХалипов
_bС. В.
_gСергей Васильевич
_9145168
_3RU\NLR\AUTH\770145204
801 0 _aRU
_bRuMoRKP
_c20041130
_grcr
801 1 _aRU
_bRuMoRGB
_c20041130
801 2 _aRU
_bNLR
_c20050411
_gPSBO
942 _cBOOK
980 _aNB